• 首页
  • 本馆介绍
  • 公告通知
  • 最新文献
  • 馆藏检索
  • 电子资源
  • 读者导购
  • 参考咨询
  • 我的图书馆
  • 登录
  • 详细信息显示
  • 放入我的书架
  • 预约/预借图书
  • 作者相关作品
  • 分类相关作品
  • 丛书相关作品
  • 出版社相关作品

书目信息

  • 表格格式
  • 工作单格式
  • 卡片格式
题名:
与潜意识对话
    
 
作者: 刘心阳 著
分册:  
出版信息: 武汉   武汉大学出版社  2015.11
页数: 340页
开本: 21cm
丛书名:
单 册:
中图分类: B842.7
科图分类:
主题词: 下意识--通俗读物
电子资源:
ISBN: 978-7-307-16560-1
000 00896nam0 2200277 450
001 0120151710180
005 20160614145446.76
010    @a978-7-307-16560-1@dCNY39.80
100    @a20151216d2015 em y0chiy50 ea
101 0  @achi
102    @aCN@b420000
105    @ay z 000yy
106    @ar
200 1  @a与潜意识对话@9yu qian yi shi dui hua@dThe subconscious@f刘心阳著@zeng
210    @a武汉@c武汉大学出版社@d2015.11
215    @a340页@d21cm
300    @a文化·再想
305    @a由布克文化授权出版
330    @a本书通过用转化潜意识的方式,与读者分享一个简易提升身心灵的方法,使读者能够借由这个方法,为自己的生命创造一个类似蝴蝶蜕变的身心灵的提升与转化。
333    @a一般读者
510 1  @aSubconscious@zeng
606 0  @a下意识@j通俗读物
690    @aB842.7@v5
701  0 @a刘心阳@9liu xin yang@4著
801  0 @aCN@b人天书店@c20151216
905    @b879454-59@dB842.7@e1353@f6
    
    与潜意识对话=The subconscious/刘心阳著.-武汉:武汉大学出版社,2015.11
    340页;21cm
    文化·再想.-使用对象:一般读者
    
    ISBN 978-7-307-16560-1:CNY39.80
    本书通过用转化潜意识的方式,与读者分享一个简易提升身心灵的方法,使读者能够借由这个方法,为自己的生命创造一个类似蝴蝶蜕变的身心灵的提升与转化。
●
相关链接 在E读中查询图书 在五车中查询图书 在当当中查询图书 在豆瓣中查询图书


正题名:与潜意识对话     索取号:B842.7/1353         预约/预借

序号 登录号 条形码 馆藏地/架位号 状态 备注
1 879454   208794544   第一样本阅览室/ [索取号:B842.7/1353] 在馆    
2 879455   208794553   教育系资料室/ [索取号:B842.7/1353] 在馆    
3 879456   208794562   教育系资料室/ [索取号:B842.7/1353] 在馆    
4 879457   208794571   教育系资料室/ [索取号:B842.7/1353] 在馆    
5 879458   208794580   第一借阅区/ [索取号:B842.7/1353] 在馆    
6 879459   208794599   第一借阅区/ [索取号:B842.7/1353] 在馆    
唐山师范学院图书馆 欢迎您!
大连网信软件有限公司© 版权所有